000247945 001__ 247945
000247945 005__ 20260201182655.0
000247945 022__ $$a2654-9107
000247945 022__ $$a2654-9107$$l2721-5687
000247945 022__ $$a2721-5687
000247945 0247_ $$2ZDBID$$aPERI:(DE-600)3031005-2
000247945 0247_ $$2ZDBPPN$$aZDPPN:121385167X
000247945 0247_ $$2EZBID$$aPERI:(DE-606)467625
000247945 0247_ $$2EZBID$$aPERI:(DE-606)467625
000247945 0247_ $$2doi$$a10.34312/jpj
000247945 0247_ $$2OCLC$$aOCLC:1268380930
000247945 035__ $$aPERI:(DE-600)3031005-2
000247945 040__ $$a0355$$bger$$cDE-101$$dJOIN²$$eJOIN² journal identification
000247945 041__ $$aind
000247945 044__ $$cXB-ID
000247945 082__ $$223sdnb$$a530$$qDE-600
000247945 08274 $$223sdnb$$a530$$qDE-600
000247945 24220 $$2DE-600$$aJambura physics journal$$yen
000247945 24220 $$2DE-600$$aJambura physics journal
000247945 245__ $$2DE-600$$aJambura physics journal$$honline, print
000247945 2463_ $$2DE-600$$aJambura physics journal
000247945 2463_ $$aJambura physics journal
000247945 260__ $$aDesa Moutong, Kec. Tilongkabila$$bUniversitas Negeri Gorontalo$$c[2019]-
000247945 2607_ $$2DOAJ$$aIndonesia$$bDepartment of Physics, Universitas Negeri Gorontalo$$d2021-09-03T09:12:21Z$$fPhysical Society of Indonesia, Gorontalo Branch
000247945 26431 $$aDesa Moutong, Kec. Tilongkabila$$bUniversitas Negeri Gorontalo$$c[2019]-
000247945 3620_ $$2DE-600$$aVol 1, no 1 (April 2019)-
000247945 36301 $$2DE-600$$81.1\x$$a1$$b1$$i2019$$j4
000247945 365__ $$2DOAJ$$aAPC$$b350000$$cIDR$$d2021-09-03T09:12:21Z
000247945 380__ $$2marcgt$$ajournal
000247945 500__ $$aAutomatically generated record. (Updated: 2025-11-06)
000247945 65310 $$2EZB-Subject$$aPhysics
000247945 65310 $$2EZB-Keyword$$aAllgemeine Physik
000247945 65310 $$2DOAJ$$aphysics$$d2021-09-03T09:12:21Z
000247945 65310 $$2DOAJ$$aeducation$$d2021-09-03T09:12:21Z
000247945 65310 $$2DOAJ$$alearning$$d2021-09-03T09:12:21Z
000247945 65310 $$2DOAJ$$amaterials science$$d2021-09-03T09:12:21Z
000247945 65310 $$2DOAJ$$ageophysics$$d2021-09-03T09:12:21Z
000247945 65310 $$2DOAJ$$aScience: Physics$$d2021-09-03T09:12:21Z
000247945 65310 $$2DOAJ$$aEducation: Special aspects of education$$d2021-09-03T09:12:21Z
000247945 77608 $$2DE-600$$iErscheint auch als$$nDruck-Ausgabe$$tJambura physics journal$$x2654-9107
000247945 8564_ $$d0$$uhttp://ejurnal.ung.ac.id/index.php/jpj$$yVerlag = kostenfrei
000247945 8564_ $$d0$$uhttps://doi.org/10.34312/jpj$$yResolving-System
000247945 8564_ $$d0$$uhttps://ejurnal.ung.ac.id/index.php/jpj/about/editorialPolicies#focusAndScope$$yScope
000247945 8564_ $$d0$$uhttps://ejurnal.ung.ac.id/index.php/jpj/about/editorialPolicies#peerReviewProcess$$yReview process
000247945 8564_ $$d0$$uhttps://ejurnal.ung.ac.id/index.php/jpj/about/editorialTeam$$yEditorial board
000247945 8564_ $$d0$$uhttps://ejurnal.ung.ac.id/index.php/jpj/about/submissions#authorFees$$yAPC information
000247945 8564_ $$d0$$uhttps://ejurnal.ung.ac.id/index.php/jpj/about/submissions#authorGuidelines$$yInstructions for Authors
000247945 8564_ $$d0$$uhttps://ejurnal.ung.ac.id/index.php/jpj/index$$yJournal homepage (DOAJ)
000247945 8564_ $$d0$$uhttps://ezb.ur.de/?3031005-2$$yEZB
000247945 8801_ $$2DE-600$$aJambura physics journal
000247945 909CO $$ooai:juser.fz-juelich.de:913297$$pauthority$$pauthority:PERI
000247945 909CO $$ooai:juser.fz-juelich.de:913297
000247945 915__ $$0StatID:(DE-HGF)0501$$2StatID$$aDBCoverage$$bDOAJ Seal$$d2021-09-03T09:12:21Z
000247945 915__ $$0StatID:(DE-HGF)0500$$2StatID$$aDBCoverage$$bDOAJ$$d2021-09-03T09:12:21Z
000247945 915__ $$0StatID:(DE-HGF)0030$$2StatID$$aPeer Review$$bDOAJ : Double anonymous peer review$$d2021-09-03T09:12:21Z
000247945 915__ $$0LIC:(DE-HGF)CCBYNV$$2V:(DE-HGF)$$aCreative Commons Attribution CC BY (No Version)$$bDOAJ$$d2021-09-03T09:12:21Z
000247945 915__ $$0StatID:(DE-HGF)0561$$2StatID$$aArticle Processing Charges$$d2025-11-06
000247945 915__ $$0StatID:(DE-HGF)0700$$2StatID$$aFees$$d2025-11-06
000247945 980__ $$aPERI
000247945 980__ $$aAUTHORITY